000 00353nam a2200133Ia 4500
008 240624s9999 xx 000 0 und d
041 _aeng
082 _a658.3 MOH
100 _aMOHAN S
245 _aHUMAN RESOURCE MANAGEMENT TEXT AND CASES
260 _c2011
_aNew Delhi
_bRegal Publications
300 _axii, : 696 : p. : cm. ; 24
365 _cRS
_b20
999 _c16089
_d16089